00630nam a2200193 a 4500008004100000020002200041050001300063245009800076260004500174300003300219504004000252500002000292650003700312650003700349700002300386003000100409005001700410040000900427  a0316775029 (pbk.)00aRC66 INT04aThe Internal medicine casebook :breal patients, real answers /cedited by Robert W. Schrier. aBoston :bLittle, Brown, and Co.,c1994. axi, 468 p. :bill. ;c25 cm. aIncludes bibliographical references aIncludes index. 0aInternal medicinexCase studies. 2aInternal Medicinexcase studies.1 aSchrier, Robert W.20230120203935.0 cNUST